| 000 | 00693cam a22002413a 4500 | ||
|---|---|---|---|
| 001 | 38849 | ||
| 003 | PGUSA | ||
| 005 | 20140828083846.0 | ||
| 008 | 120212s2012||||xxu|||||s|||||000 d eng d | ||
| 040 |
_aPGUSA _beng |
||
| 042 | _adc | ||
| 050 | 4 | _aPQ | |
| 100 | 1 |
_aMaeterlinck, Maurice, _d1862-1949 |
|
| 245 | 1 | 0 |
_aL'oiseau bleu : _bFéerie en six actes et douze tableaux _h[electronic resource] / _cMaurice Maeterlinck |
| 260 |
_bProject Gutenberg, _c2012 |
||
| 506 | _aPublic domain in the USA. | ||
| 516 | _aElectronic text | ||
| 653 | _aFairy plays | ||
| 653 | _aFrench drama | ||
| 830 | 0 |
_aProject Gutenberg _v38849 |
|
| 856 | 4 | 0 | _uhttp://www.gutenberg.org/ebooks/38849 |
| 942 | _cEB | ||
| 999 |
_c268103 _d268103 |
||